000 00977nam a2200229 a 4500
001 BRCA_832
005 20190320203153.0
008 940426s1995 txua---##b---#001-0#eng-#
020 _a0810931990
040 _aDLC
_cDLC
_dDLC
050 4 _aNK7234
_b.V46 1995
100 1 _aVenable, Charles Lane
_d1960-?
_92767
245 1 0 _aSilver in America, 1840-1940
_bA Century of Splendor
_cCharles L. Venable ; Tom Jenkins lead photographer ; biographical entries by D. Albert Soeffing.
260 _a[Dallas, Texas]
_bDallas Museum of Art
_c1995
300 _a365 p.
_bil. (algunas a color)
_c31 cm.
500 _aIncluye índice alfabético, glosario y lista de ilustraciones
500 _aCatálogo de la exposición realizada en Dallas Museum of Art [Dallas, Texas], 6 noviembre, 1994 - 29 enero, 1995
504 _aBibliografía : p. 301-311
650 1 4 _aTrabajo en plata
_xHistoria
_ySiglos XIX y XX
_zEstados Unidos
_92768
710 2 _aDallas Museum of Art
_92769
942 _2lcc
_cB
999 _c727
_d727